Drzewa /

Na minha lista:
Detalhes bibliográficos
Autor principal: Kremer, Bruno P.
Outros Autores: Matuszkiewicz, Władysław (1921-2013) (Tłumaczenie)
Formato: Livro
Idioma:polonês
alemão
Publicado em: Warszawa : GeoCenter International, cop. 1995
Colecção:Leksykon Przyrodniczy
Assuntos:
Tags: Adicionar Tag
Sem tags, seja o primeiro a adicionar uma tag!

MARC

LEADER 00000nam a2200000 i 4500
001 991000061619705066
005 20260515140227.0
008 970510s1995 pl a |000 0 pol
020 |a 8386146397 
035 |a 991000061619705066 
035 |a (PL-WaBN)b10055551-48omnis_nlop 
035 |a b10055551 
035 |a (OCoLC)805268171 
035 |a (PL)b0000001005555 
035 |a (EXLNZ-48OMNIS_NETWORK)9910276767005606 
040 |a WA N  |c WA N  |d MBPWR  |d WA N 
041 1 |a pol  |h ger 
080 |a 582.4(4)(02.025.2) 
090 |c 97  |d 96 
100 1 |a Kremer, Bruno P. 
245 1 0 |a Drzewa /  |c Bruno T. [i. e. P.] Kremer ; przekł. [z niem.] i adaptacja Władysław Matuszkiewicz. 
246 1 |i Tyt. oryg.:  |a Bäume, 
260 |a Warszawa :  |b GeoCenter International,  |c cop. 1995  |e (Pössneck :  |f GG). 
300 |a 287 s. :  |b fot. kolor., rys. ;  |c 20 cm. 
490 1 |a Leksykon Przyrodniczy 
650 7 |a Drzewa 
651 7 |a Europa 
700 1 |a Matuszkiewicz, Władysław  |d (1921-2013)  |e Tłumaczenie 
830 0 |a Leksykon Przyrodniczy 
920 |a 83-86146-39-7 
942 |c K 
952 |0 0  |1 0  |4 0  |6 R__73_000000000000000  |7 0  |9 94  |a RYT  |b RYT  |d 2026-05-12  |e 1/2014  |g 10.00  |l 0  |o R.73  |p 2000000000732  |r 2026-05-15 14:02:27  |w 2026-05-15  |y BK  |z da 
999 |c 94  |d 94